000 00500nam a22002057a 4500
003 koha_MIRAKIL
005 20231213100151.0
008 231213b |||||||| |||| 00| 0 ||| d
020 _b9-75403095-2
040 _aTR-IsEVY
_btur
_cTR-IsEVY
082 _a540 BAL/B
100 _aBalkwill, Dr. Fran.
245 0 _aHücre savaşları
250 _a17. bs.
260 _bTübitak,
_c2003
300 _a30 s.
650 _aBilim -- Kimya.
650 _aScience -- Chemistry.
942 _2ddc
_cBK
999 _c15605
_d15605